000 01064cam a22003257a 4500
003 CHAP
005 20220329142845.0
008 040908d1959 mx d r 00110 spa d
010 _a88799
011 _a89771
035 _a100322
040 _cCHAP
082 0 4 _a633.85
_bP7
100 0 0 _aPreciado Castillo, Alfonso.
_991336
245 1 3 _aLa higuerilla o ricino:
_bmonografía
_c/por Alfonso Preciado Castillo
260 _aMéxico, D. F. :
_bDirección General de Economía Agrícola,
_c1959
300 _a175 p. :
_bcuadros
500 _aPerdida c.2 y c.4
590 _aBATCH-UPD
_b10
_c20130110
_lUCH01
_h0907
590 _aBATCH-UPD
_b10
_c20130410
_lUCH01
_h0534
590 _aBATCH-UPD
_b10
_c20130914
_lUCH01
_h1617
590 _aCONVERSION
_b10
_c20130109
_lUCH01
_h1349
650 1 4 _aHiguerilla.
_955365
710 0 2 _aMéxico. Dirección General de Economía Agrícola.
_976976
901 _aBK
905 _aMarco A. Mendoza T.
911 _aCustodia
942 _cLIBRO
949 _a633.85 P7
_bBC
_cLIBRO
_d33724000936647
_eLIBRO
_fc.3
_h29430
_i100322
_si
999 _c88799
_d88799